| 000 | 01483fam a2200217 a 4500 | ||
|---|---|---|---|
| 020 | _a0470234997 (Wiley) | ||
| 020 | _a0582236312 | ||
| 082 | 0 | 0 |
_a624.15136 _bWHI _cL-39, P-114 |
| 100 | 1 |
_aWhitlow, R. _942533 |
|
| 245 | 1 | 0 |
_aBasic soil mechanics / _cR. Whitlow. |
| 250 | _a3rd ed. | ||
| 260 |
_aHarlow, Essex, England : _bLongman Scientific & Technical ; _aNew York : _bWiley, _c1995. |
||
| 300 |
_axxi, 559 p. : _bill. ; _c24 cm. |
||
| 520 | _aBasic Soil Mechanics has long been established as the standard work on the subject for degree and diploma students of civil engineering and building. The third edition has been fully revised and updated to provide students not only with the basic principles but also with an awareness of state-of-the-art developments in the field. | ||
| 520 | 8 | _aBasic Soil Mechanics is an essential text for BTEC HNC/D and undergraduate degree courses in civil engineering. It will also be a valuable resource for practising engineers engaged in the design and construction of soil-related structures and systems. | |
| 520 | 8 | _aThe approach to stress/strain behaviour has been reconsidered in the light of modern educational methods and the chapter on earth pressure has been revised to take account of the long-awaited British Standard BS 8002. The book also gives greater emphasis to design methods and the use of computers. | |
| 526 |
_a0 _b0 _c0 _d624_151360000000000_WHI |
||
| 650 | 0 |
_aMCE _9379 |
|
| 650 | 0 | _aSoil mechanics. | |
| 942 |
_2ddc _cBK |
||
| 999 |
_c546591 _d546591 |
||